<?xml version="1.0" encoding="UTF-8"?>
<collection xmlns="http://www.loc.gov/MARC21/slim">
<record>
  <controlfield tag="001">159981</controlfield>
  <controlfield tag="005">20250520135433.0</controlfield>
  <datafield tag="037" ind1=" " ind2=" ">
    <subfield code="a">GDOC-2024-61129</subfield>
  </datafield>
  <datafield tag="970" ind1=" " ind2=" ">
    <subfield code="a">GDOC-2024-61129</subfield>
  </datafield>
  <datafield tag="041" ind1=" " ind2=" ">
    <subfield code="a">spa</subfield>
  </datafield>
  <datafield tag="041" ind1=" " ind2=" ">
    <subfield code="a">eng</subfield>
  </datafield>
  <datafield tag="540" ind1=" " ind2=" ">
    <subfield code="a">by-nc-sa</subfield>
    <subfield code="b">Creative Commons</subfield>
    <subfield code="c">3.0</subfield>
    <subfield code="u">http://creativecommons.org/licenses/by-nc-sa/3.0/</subfield>
  </datafield>
  <datafield tag="260" ind1=" " ind2=" ">
    <subfield code="a">Zaragoza</subfield>
    <subfield code="b">Universidad de Zaragoza</subfield>
    <subfield code="c">2024-2025</subfield>
  </datafield>
  <datafield tag="245" ind1="0" ind2="0">
    <subfield code="9">61129</subfield>
    <subfield code="a">Trabajo fin de Máster</subfield>
  </datafield>
  <datafield tag="242" ind1="0" ind2="0">
    <subfield code="9">61129</subfield>
    <subfield code="a">Master's Dissertation</subfield>
  </datafield>
  <datafield tag="100" ind1=" " ind2=" ">
    <subfield code="0">(orcid)0000-0003-1411-524X</subfield>
    <subfield code="a">Juan José Aguilón, Leiva</subfield>
    <subfield code="1">685865</subfield>
  </datafield>
  <datafield tag="700" ind1=" " ind2=" ">
    <subfield code="0">(orcid)0000-0003-1411-524X</subfield>
    <subfield code="a">Juan José Aguilón, Leiva</subfield>
    <subfield code="1">685865</subfield>
  </datafield>
  <datafield tag="700" ind1=" " ind2=" ">
    <subfield code="0">(orcid)0000-0002-7854-8856</subfield>
    <subfield code="a">Clara Alcaine, González</subfield>
    <subfield code="1">421707</subfield>
  </datafield>
  <datafield tag="700" ind1=" " ind2=" ">
    <subfield code="0">(orcid)0000-0002-7854-8856</subfield>
    <subfield code="a">Clara Alcaine, González</subfield>
    <subfield code="1">421707</subfield>
  </datafield>
  <datafield tag="700" ind1=" " ind2=" ">
    <subfield code="0">(orcid)0000-0002-0625-3936</subfield>
    <subfield code="a">Ana Pilar Anguas, Gracia</subfield>
    <subfield code="1">437701</subfield>
  </datafield>
  <datafield tag="700" ind1=" " ind2=" ">
    <subfield code="0">(orcid)0000-0002-0625-3936</subfield>
    <subfield code="a">Ana Pilar Anguas, Gracia</subfield>
    <subfield code="1">437701</subfield>
  </datafield>
  <datafield tag="700" ind1=" " ind2=" ">
    <subfield code="0">(orcid)0000-0002-2116-9257</subfield>
    <subfield code="a">Alberto Barceló, Soler</subfield>
    <subfield code="1">590811</subfield>
  </datafield>
  <datafield tag="700" ind1=" " ind2=" ">
    <subfield code="0">(orcid)0000-0002-2116-9257</subfield>
    <subfield code="a">Alberto Barceló, Soler</subfield>
    <subfield code="1">590811</subfield>
  </datafield>
  <datafield tag="700" ind1=" " ind2=" ">
    <subfield code="0">(orcid)0000-0001-5603-3045</subfield>
    <subfield code="a">Eva María Barrio, Ollero</subfield>
    <subfield code="1">309389</subfield>
  </datafield>
  <datafield tag="700" ind1=" " ind2=" ">
    <subfield code="0">(orcid)0000-0001-5603-3045</subfield>
    <subfield code="a">Eva María Barrio, Ollero</subfield>
    <subfield code="1">309389</subfield>
  </datafield>
  <datafield tag="700" ind1=" " ind2=" ">
    <subfield code="0">(orcid)0000-0002-0026-9224</subfield>
    <subfield code="a">Elena Bueno, Gracia</subfield>
    <subfield code="1">500508</subfield>
  </datafield>
  <datafield tag="700" ind1=" " ind2=" ">
    <subfield code="0">(orcid)0000-0002-0026-9224</subfield>
    <subfield code="a">Elena Bueno, Gracia</subfield>
    <subfield code="1">500508</subfield>
  </datafield>
  <datafield tag="700" ind1=" " ind2=" ">
    <subfield code="0">(orcid)0000-0002-4307-796X</subfield>
    <subfield code="a">Estela Calatayud, Sanz</subfield>
    <subfield code="1">180031</subfield>
  </datafield>
  <datafield tag="700" ind1=" " ind2=" ">
    <subfield code="0">(orcid)0000-0002-4307-796X</subfield>
    <subfield code="a">Estela Calatayud, Sanz</subfield>
    <subfield code="1">180031</subfield>
  </datafield>
  <datafield tag="700" ind1=" " ind2=" ">
    <subfield code="0">(orcid)0000-0002-1674-7788</subfield>
    <subfield code="a">Sandra Calvo, Carrión</subfield>
    <subfield code="1">661075</subfield>
  </datafield>
  <datafield tag="700" ind1=" " ind2=" ">
    <subfield code="0">(orcid)0000-0002-1674-7788</subfield>
    <subfield code="a">Sandra Calvo, Carrión</subfield>
    <subfield code="1">661075</subfield>
  </datafield>
  <datafield tag="700" ind1=" " ind2=" ">
    <subfield code="0">(orcid)0000-0003-4252-9546</subfield>
    <subfield code="a">María Jesús Cardoso, Moreno</subfield>
    <subfield code="1">391150</subfield>
  </datafield>
  <datafield tag="700" ind1=" " ind2=" ">
    <subfield code="0">(orcid)0000-0003-4252-9546</subfield>
    <subfield code="a">María Jesús Cardoso, Moreno</subfield>
    <subfield code="1">391150</subfield>
  </datafield>
  <datafield tag="700" ind1=" " ind2=" ">
    <subfield code="0">(orcid)0000-0002-2891-5873</subfield>
    <subfield code="a">María Pilar Domínguez, Oliván</subfield>
    <subfield code="1">200530</subfield>
  </datafield>
  <datafield tag="700" ind1=" " ind2=" ">
    <subfield code="0">(orcid)0000-0002-2891-5873</subfield>
    <subfield code="a">María Pilar Domínguez, Oliván</subfield>
    <subfield code="1">200530</subfield>
  </datafield>
  <datafield tag="700" ind1=" " ind2=" ">
    <subfield code="0">(orcid)0000-0002-4753-630X</subfield>
    <subfield code="a">Emmanuel Echániz, Serrano</subfield>
    <subfield code="1">409548</subfield>
  </datafield>
  <datafield tag="700" ind1=" " ind2=" ">
    <subfield code="0">(orcid)0000-0002-4753-630X</subfield>
    <subfield code="a">Emmanuel Echániz, Serrano</subfield>
    <subfield code="1">409548</subfield>
  </datafield>
  <datafield tag="700" ind1=" " ind2=" ">
    <subfield code="0">(orcid)0000-0003-0997-5931</subfield>
    <subfield code="a">Antonio Eito, Mateo</subfield>
    <subfield code="1">311233</subfield>
  </datafield>
  <datafield tag="700" ind1=" " ind2=" ">
    <subfield code="0">(orcid)0000-0003-0997-5931</subfield>
    <subfield code="a">Antonio Eito, Mateo</subfield>
    <subfield code="1">311233</subfield>
  </datafield>
  <datafield tag="700" ind1=" " ind2=" ">
    <subfield code="0">(orcid)0000-0002-6455-119X</subfield>
    <subfield code="a">María Teresa Fernández, Rodrigo</subfield>
    <subfield code="1">137896</subfield>
  </datafield>
  <datafield tag="700" ind1=" " ind2=" ">
    <subfield code="0">(orcid)0000-0002-6455-119X</subfield>
    <subfield code="a">María Teresa Fernández, Rodrigo</subfield>
    <subfield code="1">137896</subfield>
  </datafield>
  <datafield tag="700" ind1=" " ind2=" ">
    <subfield code="0">(orcid)0000-0002-3087-8899</subfield>
    <subfield code="a">Ángel Gasch, Gallén</subfield>
    <subfield code="1">466998</subfield>
  </datafield>
  <datafield tag="700" ind1=" " ind2=" ">
    <subfield code="0">(orcid)0000-0002-3087-8899</subfield>
    <subfield code="a">Ángel Gasch, Gallén</subfield>
    <subfield code="1">466998</subfield>
  </datafield>
  <datafield tag="700" ind1=" " ind2=" ">
    <subfield code="0">(orcid)0000-0003-0335-0404</subfield>
    <subfield code="a">Ana María Gascón, Catalán</subfield>
    <subfield code="1">133116</subfield>
  </datafield>
  <datafield tag="700" ind1=" " ind2=" ">
    <subfield code="0">(orcid)0000-0003-0335-0404</subfield>
    <subfield code="a">Ana María Gascón, Catalán</subfield>
    <subfield code="1">133116</subfield>
  </datafield>
  <datafield tag="700" ind1=" " ind2=" ">
    <subfield code="0">(orcid)0000-0002-0061-3312</subfield>
    <subfield code="a">Isabel Gómez, Soria</subfield>
    <subfield code="1">200319</subfield>
  </datafield>
  <datafield tag="700" ind1=" " ind2=" ">
    <subfield code="0">(orcid)0000-0002-0061-3312</subfield>
    <subfield code="a">Isabel Gómez, Soria</subfield>
    <subfield code="1">200319</subfield>
  </datafield>
  <datafield tag="700" ind1=" " ind2=" ">
    <subfield code="0">(orcid)0000-0002-4386-0743</subfield>
    <subfield code="a">Paula González, Granados</subfield>
    <subfield code="1">486011</subfield>
  </datafield>
  <datafield tag="700" ind1=" " ind2=" ">
    <subfield code="0">(orcid)0000-0002-4386-0743</subfield>
    <subfield code="a">Paula González, Granados</subfield>
    <subfield code="1">486011</subfield>
  </datafield>
  <datafield tag="700" ind1=" " ind2=" ">
    <subfield code="0">(orcid)0000-0003-0053-1429</subfield>
    <subfield code="a">José Manuel Granada, López</subfield>
    <subfield code="1">144286</subfield>
  </datafield>
  <datafield tag="700" ind1=" " ind2=" ">
    <subfield code="0">(orcid)0000-0003-0053-1429</subfield>
    <subfield code="a">José Manuel Granada, López</subfield>
    <subfield code="1">144286</subfield>
  </datafield>
  <datafield tag="700" ind1=" " ind2=" ">
    <subfield code="0">(orcid)0000-0003-4242-5464</subfield>
    <subfield code="a">María Isabel Iguacel, Azorín</subfield>
    <subfield code="1">524977</subfield>
  </datafield>
  <datafield tag="700" ind1=" " ind2=" ">
    <subfield code="0">(orcid)0000-0003-4242-5464</subfield>
    <subfield code="a">María Isabel Iguacel, Azorín</subfield>
    <subfield code="1">524977</subfield>
  </datafield>
  <datafield tag="700" ind1=" " ind2=" ">
    <subfield code="a">Ana Cristina López, Martínez</subfield>
    <subfield code="1">139853</subfield>
  </datafield>
  <datafield tag="700" ind1=" " ind2=" ">
    <subfield code="a">Ana Cristina López, Martínez</subfield>
    <subfield code="1">139853</subfield>
  </datafield>
  <datafield tag="700" ind1=" " ind2=" ">
    <subfield code="0">(orcid)0000-0001-5851-8855</subfield>
    <subfield code="a">María Yolanda Marcén, Román</subfield>
    <subfield code="1">201953</subfield>
  </datafield>
  <datafield tag="700" ind1=" " ind2=" ">
    <subfield code="0">(orcid)0000-0001-5851-8855</subfield>
    <subfield code="a">María Yolanda Marcén, Román</subfield>
    <subfield code="1">201953</subfield>
  </datafield>
  <datafield tag="700" ind1=" " ind2=" ">
    <subfield code="0">(orcid)0000-0001-6523-5511</subfield>
    <subfield code="a">David Navarrete, Villanueva</subfield>
    <subfield code="1">648627</subfield>
  </datafield>
  <datafield tag="700" ind1=" " ind2=" ">
    <subfield code="0">(orcid)0000-0001-6523-5511</subfield>
    <subfield code="a">David Navarrete, Villanueva</subfield>
    <subfield code="1">648627</subfield>
  </datafield>
  <datafield tag="700" ind1=" " ind2=" ">
    <subfield code="0">(orcid)0000-0001-6565-9699</subfield>
    <subfield code="a">Bárbara Oliván, Blazquez</subfield>
    <subfield code="1">409080</subfield>
  </datafield>
  <datafield tag="700" ind1=" " ind2=" ">
    <subfield code="0">(orcid)0000-0001-6565-9699</subfield>
    <subfield code="a">Bárbara Oliván, Blazquez</subfield>
    <subfield code="1">409080</subfield>
  </datafield>
  <datafield tag="700" ind1=" " ind2=" ">
    <subfield code="0">(orcid)0000-0002-5770-5146</subfield>
    <subfield code="a">Sara Pérez, Palomares</subfield>
    <subfield code="1">364674</subfield>
  </datafield>
  <datafield tag="700" ind1=" " ind2=" ">
    <subfield code="0">(orcid)0000-0002-5770-5146</subfield>
    <subfield code="a">Sara Pérez, Palomares</subfield>
    <subfield code="1">364674</subfield>
  </datafield>
  <datafield tag="700" ind1=" " ind2=" ">
    <subfield code="0">(orcid)0000-0002-1894-1621</subfield>
    <subfield code="a">Sofía Pilar Pérez, Calahorra</subfield>
    <subfield code="1">508833</subfield>
  </datafield>
  <datafield tag="700" ind1=" " ind2=" ">
    <subfield code="0">(orcid)0000-0002-1894-1621</subfield>
    <subfield code="a">Sofía Pilar Pérez, Calahorra</subfield>
    <subfield code="1">508833</subfield>
  </datafield>
  <datafield tag="700" ind1=" " ind2=" ">
    <subfield code="0">(orcid)0000-0002-9868-6498</subfield>
    <subfield code="a">Luis Sáez, Comet</subfield>
    <subfield code="1">315341</subfield>
  </datafield>
  <datafield tag="700" ind1=" " ind2=" ">
    <subfield code="0">(orcid)0000-0002-9868-6498</subfield>
    <subfield code="a">Luis Sáez, Comet</subfield>
    <subfield code="1">315341</subfield>
  </datafield>
  <datafield tag="700" ind1=" " ind2=" ">
    <subfield code="0">(orcid)0000-0001-8274-6217</subfield>
    <subfield code="a">César Sánchez, Álvarez</subfield>
    <subfield code="1">846262</subfield>
  </datafield>
  <datafield tag="700" ind1=" " ind2=" ">
    <subfield code="0">(orcid)0000-0001-8274-6217</subfield>
    <subfield code="a">César Sánchez, Álvarez</subfield>
    <subfield code="1">846262</subfield>
  </datafield>
  <datafield tag="700" ind1=" " ind2=" ">
    <subfield code="0">(orcid)0000-0001-7049-8295</subfield>
    <subfield code="a">Fernando Urcola, Pardo</subfield>
    <subfield code="1">510688</subfield>
  </datafield>
  <datafield tag="700" ind1=" " ind2=" ">
    <subfield code="0">(orcid)0000-0001-7049-8295</subfield>
    <subfield code="a">Fernando Urcola, Pardo</subfield>
    <subfield code="1">510688</subfield>
  </datafield>
  <datafield tag="830" ind1=" " ind2=" ">
    <subfield code="9">682</subfield>
  </datafield>
  <datafield tag="830" ind1=" " ind2=" ">
    <subfield code="9">374</subfield>
  </datafield>
  <datafield tag="856" ind1="4" ind2=" ">
    <subfield code="s">10462</subfield>
    <subfield code="u">http://zaguan.unizar.es/record/159981/files/guia-61129-en.pdf</subfield>
    <subfield code="y">Guide (english)</subfield>
  </datafield>
  <datafield tag="856" ind1="4" ind2=" ">
    <subfield code="s">44331</subfield>
    <subfield code="u">http://zaguan.unizar.es/record/159981/files/guia-61129-es.pdf</subfield>
    <subfield code="y">Guía (idioma español)</subfield>
  </datafield>
  <datafield tag="521" ind1=" " ind2=" ">
    <subfield code="9">610</subfield>
    <subfield code="a">Máster Universitario en Gerontología Social</subfield>
    <subfield code="b">Master's in Social Gerontology</subfield>
  </datafield>
  <datafield tag="980" ind1=" " ind2=" ">
    <subfield code="a">GDOC</subfield>
    <subfield code="b">Health Sciences</subfield>
    <subfield code="b">Ciencias de la Salud</subfield>
    <subfield code="c">127</subfield>
  </datafield>
</record>
</collection>